1325 1342 1818 1722 1853 1528 1245 1716 1829 1832 1857 1304 1673 1431 1628 1323 1979 1510 1336 1740 1729 1689 1669 1653 1387 1731 1512 1290 1805 1826 1613 1385 1815 1387 1127 1340 1394 1830 1433 1559 1968 1062 1325 1664 1074 1563 1639 1279 1843 1604 1793 1826 1973 1248 1137 1225 1098 1584 1641 1555 1739 1404 1066 1831 1349 1880 1379 1328 1360 1757 1385 1603 1270 1908 1435 1628 1581 1551 1715 1557 1817 1206 1141 1547 1111 1000 1287 1981 1791 1468 1351 1400 1127 1579 1333 1908 1573 1346 1649 BCNSPRNW ULIB Ver.6.0+V

เปลี่ยนเป็นภาษาไทย

Change to English
 แสดงรายละเอียดบรรณานุกรม
  กลับหน้าหลัก

Brief Record : Get Marc (ISO 2709) : E-mail record : QR code < ปิดหน้าต่าง
LEADER : 00000nam 2200000uu 4500
001    13399120023
003     ULIB
008    120822s2546||||th 000 0 tha d
020    ^a9746520113
020    ^a9789746520119
060 04 ^aQU21^bป161ช 2546
245 00 ^aชีวเคมีทางการแพทย์ :^bเมตาบอลิสมของสารอาหารเชิงบูรณาการสำหรับนักศึกษาสายวิทยาศาสตร์การแพทย์ = Medical biochemistry : Metabolism of macronutrients, the integrated approach for health sciences students /^cบรรณาธิการ : ปนัดดา โรจน์พิบูลสถิตย์
246 31 ^aMedical biochemistry : Metabolism of macronutrients, theintegrated approach for health sciences students
250    ^aพิมพ์ครั้งที่ 1
260    ^aกรุงเทพฯ :^bสาขาชีวเคมี สถานวิทยาศาสตร์พรีคลินิกคณะแพทยศาสตร์ มหาวิทยาลัยธรรมศาสตร์ ;^c2546
300    ^axx, 327 หน้า :^bภาพประกอบ ;^c26 ซม.
650  7 ^aชีวเคมี
650  7 ^aเมตะบอลิสม
700 0  ^aปนัดดา โรจน์พิบูลสถิตย์,^eบรรณาธิการ
710 2  ^aมหาวิทยาลัยธรรมศาสตร์. ^bคณะแพทยศาสตร์.^bสถานวิทยาศาสตร์พรีคลินิก. ^bสาขาชีวเคมี
945    ^p0^l0^i24569
995    ^aกัณชพร
999 ^a ใช้งานได้ทุกระบบ
รายการนี้ยังไม่มีแท็ก
คุณยังไม่ได้ล็อกอิน คุณสามารถมีกิจกรรมร่วมกับเว็บไซต์ได้ แต่ต้องล็อกอินก่อน ::
  ล็อกอิน

รายการสื่อสารสนเทศ

ลำดับที่ ประเภท เลขเรียก/บาร์โค้ด สถานที่ สถานะ
- ไม่พบข้อมูล -

รายการใกล้เคียง
    หัวเรื่อง [ชีวเคมี]
    หัวเรื่อง [เมตะบอลิสม]

BibComment


ยังไม่เคยถูกคอมเมนท์

คอมเมนท์ทรัพยากรรายการนี้
  คอมเมนท์: ชีวเคมีทางการแพท..


 Copyright 2026. Bcnsprnw @Library